| 000 | 01388nac a22003131i 4500 | ||
|---|---|---|---|
| 003 | EG-ScBUE | ||
| 005 | 20260512094804.0 | ||
| 008 | 101201s1994 ku frb 000 0 ara d | ||
| 040 |
_aEG-ScBUE _bara _erda _cEG-ScBUE _dEG-ScBUE |
||
| 041 | 1 |
_aara _hrus |
|
| 082 | 0 | 4 |
_a531.6 _bك ا ر _222 |
| 100 | 1 |
_aكارتسيف، فلاديمير، _921373 _eمؤلف. |
|
| 240 | 1 |
_aTysi︠a︡cheletii︠a︡ ėnergetiki. _lArabic |
|
| 245 | 1 | 0 |
_aآلاف السنين من الطاقة / _cتأليف فلاديمير كارتسيف، بيوتر خازانوفسيكي ؛ ترجمة محمد غياث الزيات. |
| 264 | 1 |
_aالكويت : _bالمجلس الوطني للثقافة والفنون والآداب، _c1994. |
|
| 300 |
_a288 صفحة ؛ _c18 سم. |
||
| 336 |
_2rdacontent _aنص _btxt |
||
| 337 |
_aبدون وسيط _2rdamedia _bn |
||
| 338 |
_aمجلد _bnc _2rdacarrier |
||
| 490 | 0 |
_aعالم المعرفة ؛ _v187 |
|
| 500 | _aيشتمل على هوامش. | ||
| 504 | _aيشتمل على إرجاعات ببليوجرافية. | ||
| 546 | _aالنص باللغة الروسية ؛ وقد تم ترجمته إلى العربية. | ||
| 650 | 7 |
_aالطاقة. _917536 _2BUEsh |
|
| 655 | _vReading book | ||
| 700 | 1 |
_aخازانوفسكي، بيوتر، _eمؤلف. |
|
| 700 | 1 |
_aالزيات، محمد غياث، _921375 _eمترجم. |
|
| 942 |
_cBB _k531.6 ك ا ر _2ddc |
||
| 999 |
_c6344 _d6344 |
||